| 000 -LEADER |
| fixed length control field |
00415nam a22001457a 4500 |
| 003 - CONTROL NUMBER IDENTIFIER |
| control field |
OSt |
| 005 - DATE AND TIME OF LATEST TRANSACTION |
| control field |
20200601124718.0 |
| 008 - FIXED-LENGTH DATA ELEMENTS--GENERAL INFORMATION |
| fixed length control field |
200601b ||||| |||| 00| 0 eng d |
| 020 ## - INTERNATIONAL STANDARD BOOK NUMBER |
| International Standard Book Number |
8123009070 |
| 082 ## - DEWEY DECIMAL CLASSIFICATION NUMBER |
| Classification number |
731.462 |
| Item number |
PAR |
| 100 ## - MAIN ENTRY--PERSONAL NAME |
| Personal name |
Pramar, V. S.; India. |
| 245 ## - TITLE STATEMENT |
| Title |
Wood carvings of Gujarat |
| 260 ## - PUBLICATION, DISTRIBUTION, ETC. (IMPRINT) |
| Place of publication, distribution, etc |
India |
| Name of publisher, distributor, etc |
Publication Division, Ministry of Information and Broadcasting, Govt. of India |
| Date of publication, distribution, etc |
2001 |
| 942 ## - ADDED ENTRY ELEMENTS (KOHA) |
| Source of classification or shelving scheme |
|